00330pab a2200121 454500008004000000100001600040245009200056260000900148300001500157362000800172650000800180773002000188180718b2011 xxu||||| |||| 00| 0 eng d aLeitz, Lisa aOppositional identities: The military peace movement's challenge to pro-Iraq war frames c2011 ap.235-256. aMay aWar aSocial Problems